000 00624nam a2200169Ia 4500
003 GCL
008 140319s9999 xx 000 0 ara d
040 _aGCL /
_cGCL
082 0 4 _aم
_b413.3
_bف ق
100 1 _aفارموند، ادولف
245 1 0 _aقاموس اللغتين: المانى عربى وعربى المانى HAND WORTER BUCH DER NEU- ARE BISCHEN UND DEULSCHEN SPRACLE /
_cفارموند، ادولف
490 _a100 قصة
_v0
650 0 4 _aاللغة العربية - المعاجم
650 0 4 _aاللغة الالمانية - معاجم
650 0 4 _aاللغات - معاجم
942 _2ddc
_cBK
999 _c46334
_d46334